000 01263nam0a22003251 4500
001 RU\NLR\A1SV\70488
005 20260406010849.0
035 _a(NLR Aleph) 009752041
090 _a9984435
_c9984435
100 _a20060620d1918 u y0rusy50 ca
101 0 _arus
102 _aRU
200 1 _aКредитные и ссудо-сберегательные товарищества
_fА.Е.Кулыжный
205 _a4-е изд.
210 _aПг.
_cМысль
_d1918
215 _a31 с.
_d20 см
300 _aБез тит. л. Описано по обл.
300 _aЗагл. 1-го изд.: Где крестьянину достать за небольшой процент денег для улучшений и оборота в хозяйстве? : (Кредитные товарищества в деревне) (М., 1907)
620 _dСанкт-Петербург
700 1 _8rus
_7ca
_aКулыжный
_bА. Е.
_f1878-1919
_gАндрей Евменьевич
_3RU\NLR\AUTH\77116336
_999261
801 0 _aRU
_bNLR
_c20060620
899 _aРНБ
_j37.60.6.514
899 _aРНБ
_j37.60.6.514а
899 _aРГБ
899 _aСамОУНБ
899 _aБАН
942 _cBOOK
980 _aNB
980 _aA1SV